书目信息 |
| 题名: |
中国旅游热点城市
|
|
| 作者: | 胡健 主编 ;中国地图出版社 编制 | |
| 分册: | 成都 | |
| 出版信息: | 北京 中国地图出版社 2004 |
|
| 页数: | 154页 | |
| 开本: | 22cm | |
| 丛书名: | 中国旅游精品丛书 | |
| 单 册: | ||
| 中图分类: | K928.971.1 , K928.971 | |
| 科图分类: | ||
| 主题词: | 导游--中国 , 导游--成都市 , 导游 | |
| 电子资源: | ||
| ISBN: | 7-5031-3299-X | |
| 000 | 00956oam2 2200301 450 | |
| 001 | 010090030312 | |
| 005 | 20061031170240.09 | |
| 010 | @a7-5031-3299-X@dCNY23.50 | |
| 100 | @a20050614d2004 em y0chiy0110 ea | |
| 101 | 0 | @achi |
| 102 | @aCN@b110000 | |
| 105 | @aabk z 000yy | |
| 200 | 1 | @a中国旅游热点城市@9zhong guo lu^ you re dian cheng shi@i成都@f胡健主编@g中国地图出版社编制 |
| 205 | @a2版 | |
| 210 | @a北京@c中国地图出版社@d2004 | |
| 215 | @a154页@c图,地图@d22cm | |
| 225 | 2 | @a中国旅游精品丛书 |
| 330 | @a本书汇聚了成都的餐饮美食、地方风味、主要商业街、名优特产、休闲娱乐、进出交通、旅游住宿等信息。 | |
| 461 | 0 | @12001 @a中国旅游精品丛书 |
| 606 | 0 | @a导游@y中国 |
| 606 | 0 | @a导游@y成都市 |
| 606 | 0 | @a导游 |
| 690 | @aK928.971.1@v4 | |
| 690 | @aK928.971@v3 | |
| 701 | 0 | @a胡健@9hu jian@4主编 |
| 712 | 02 | @a中国地图出版社@9zhong guo di tu chu ban she@4编制 |
| 801 | 0 | @aCN@bRENTIAN@c20061031 |
| 905 | @a10447@dK928.971@e349=2 | |
| 中国旅游热点城市.成都/胡健主编/中国地图出版社编制.-2版.-北京:中国地图出版社,2004 |
| 154页:图,地图;22cm.-(中国旅游精品丛书) |
| ISBN 7-5031-3299-X:CNY23.50 |
| 本书汇聚了成都的餐饮美食、地方风味、主要商业街、名优特产、休闲娱乐、进出交通、旅游住宿等信息。 |
| ● |
| 相关链接 |
|
|
|
|
正题名:中国旅游热点城市
索取号:K928.971/349=2
 
预约/预借
| 序号 | 登录号 | 条形码 | 馆藏地/架位号 | 状态 | 备注 |
| 1 | 0386498 | 203864988 | 第二样本阅览室/ [索取号:K928.971/349=2] | 在馆 | |
| 2 | 0386499 | 203864997 | 第二借阅区/ [索取号:K928.971/349=2] | 在馆 | |
| 3 | 0386500 | 203865004 | 第二借阅区/ [索取号:K928.971/349=2] | 在馆 | |
| 4 | 0386501 | 203865013 | 第二借阅区/ [索取号:K928.971/349=2] | 在馆 | |
| 5 | 0386502 | 203865022 | 第二借阅区/ [索取号:K928.971/349=2] | 在馆 |